Básnivé nápovědi Husserlovy fenomenologie /

Hlavní autor: Mathauser, Zdeněk, 1920-2007
Korporativní autor: Filosofický ústav (Akademie věd ČR)
Jazyk: Čeština
Vydáno: Praha : Filosofia, 2006
Vydání: Vyd. 1.
Témata:
Fyzický popis: 248 s. : il. ; 20 cm
Knihy
Uloženo v:
LEADER 01695nam a2200505 a 4500
001 nkc20061697089
003 CZ PrNK
005 20161111182519.0
007 ta
008 061109s2006 xr a f 001 0 cze
015 |a cnb001697089 
020 |a 80-7007-239-3  |q (brož.) 
035 |a (OCoLC)85723095 
040 |a OLA001  |b cze  |d ABA001 
045 |a w5x3 
072 7 |a 165  |x Teorie poznání. Epistemologie  |2 Konspekt  |9 5 
080 |a 165.62  |2 MRF 
080 |a 165.75  |2 MRF 
080 |a 111.852  |2 MRF 
080 |a 801.73  |2 MRF 
080 |a (081)  |2 MRF 
100 1 |a Mathauser, Zdeněk,  |d 1920-2007  |7 jk01080711  |4 aut 
245 1 0 |a Básnivé nápovědi Husserlovy fenomenologie /  |c Zdeněk Mathauser 
250 |a Vyd. 1. 
260 |a Praha :  |b Filosofia,  |c 2006 
300 |a 248 s. :  |b il. ;  |c 20 cm 
504 |a Obsahuje bibliografie, bibliografické odkazy a rejstřík 
550 |a Vydavatel: Filozofický ústav AV ČR 
600 1 7 |a Husserl, Edmund,  |d 1859-1938  |7 jk01043325  |2 czenas 
650 0 7 |a fenomenologie  |7 ph114531  |2 czenas 
650 0 7 |a strukturalismus  |7 ph126151  |2 czenas 
650 0 7 |a estetika  |7 ph117189  |2 czenas 
650 0 7 |a hermeneutika  |7 ph120687  |2 czenas 
650 0 9 |a phenomenology  |2 eczenas 
650 0 9 |a structuralism  |2 eczenas 
650 0 9 |a aesthetics  |2 eczenas 
650 0 9 |a hermeneutics  |2 eczenas 
655 7 |a sborníky  |7 fd724345  |2 czenas 
655 9 |a collections of works  |2 eczenas 
710 2 |a Filosofický ústav (Akademie věd ČR)  |7 kn20010709007 
910 2 |a BOA001  |b 2-1172.872 
990 |a BK 
995 |a 01 
991 |b 200701  |c NOV 
996 6 |b 2610297135  |c 2-1172.872  |l MZK  |r Sklad / do 1 hodiny  |n 3  |p p.v.  |w 000835341  |u 000010  |a 1  |e BOA001  |j MZK50  |s P